| 000 | 00947nas a2200301 4500 | ||
|---|---|---|---|
| 001 | BR2010001226 | ||
| 003 | BR-BrBNA | ||
| 005 | 20231205113929.0 | ||
| 007 | ta | ||
| 008 | 230509b bl.|||p| |||| 00| 00por d | ||
| 040 |
_aBR-BrBNA _bpor _cBiblioteca Nacional de Agricultura |
||
| 041 | _a(Pt) | ||
| 072 | _aL02 | ||
| 100 | 1 | _aRibeiro, J. do S. | |
| 100 | 1 | _aLadeira, M.M. | |
| 100 | 1 | _aGonçalves, T. de M. | |
| 100 | 1 | _aWhately, M.A. | |
| 100 | 1 | _aBassi, M.S. | |
| 245 | 1 | _aPredição de desempenho com uso de sistemas de exigências nutricionais e características de carcaça de tourinhos zebuínos | |
| 650 | _aGADO ZEBU | ||
| 650 | _aTOURO | ||
| 650 | _aEXIGÊNCIA NUTRICIONAL | ||
| 650 | _aCARCAÇA | ||
| 650 | _aPERFORMANCE | ||
| 773 | 0 |
_tPesquisa Agropecuária Brasileira (Brazil) _xISSN 0100-204X _g(Dec 2009), v. 44(12) p. 1724-1730 _wBR2010001226 |
|
| 909 |
_a202311 _bLúcia _c55 _dLúcia Elande |
||
| 942 |
_2AGRIS _n0 _cANA |
||
| 999 |
_c206335 _d206335 |
||